Countries with the most Bulgarians - Statistics

General Stats
  • This quiz has been taken 56 times
    31 since last reset
  • The average score is 13 of 16
Answer Stats
Amount Answer % Correct
5,6m Bulgaria
97%
146k Germany
97%
78k Romania
93%
163k Spain
93%
~135k United Kingdom
93%
~110k United States
93%
34k France
90%
647k Greece
90%
~129k Italy
90%
600k Turkey
86%
215k Canada
83%
284k Ukraine
76%
1,4k North Macedonia
69%
250k Moldova
59%
62k Brazil
52%
70k Argentina
41%
No matching quizzes found
Score Distribution
Percent of People with Each Score
Percentile by Number Answered
Your Score History
You have not taken this quiz since the last reset